Tractor makes - Statistics

General Stats
  • This quiz has been taken 423 times
  • The average score is 6 of 14
Answer Stats
Hint Answer % Correct
Green John Deere
93%
Red Case
87%
Blue New Holland
87%
Blue Ford
76%
Red Massey Ferguson
72%
Light Green Claas
49%
Orange Kubota
46%
Black and White David Brown
27%
Blue Landini
22%
Red McCormick
22%
Light Orange Renault
19%
Yellow Fast Track
9%
Yellow Marshall
3%
Blue British Leyland
1%
No matching quizzes found
Score Distribution
Percent of People with Each Score
Percentile by Number Answered
Your Score History
You have not taken this quiz